Deluxe canasta caliente [juego] /
Guardado en:
| Formato: | Objeto Físico |
|---|---|
| Publicado: |
Argentina :
Toyco,
c2000.
|
| Materias: | |
| Etiquetas: |
Agregar Etiqueta
Sin Etiquetas, Sea el primero en etiquetar este registro!
|
| LEADER | 00649nrm a22001575g 4500 | ||
|---|---|---|---|
| 001 | CEM.cems019246 | ||
| 008 | 130507s2000##################0###0#####d | ||
| 005 | 20220830100821.0 | ||
| 003 | CEMS | ||
| 245 | 0 | 0 | |a Deluxe canasta caliente [juego] / |c Winning Moves |
| 260 | |a Argentina : |b Toyco, |c c2000. | ||
| 300 | |a 1 juego (120 cartas, 1 p.orta cartas plástico giratorio) ; en caja 14 x 24 x 8 cm. + manual de instrucciones. | ||
| 500 | |a Para 2 a 6 jugadores a partir de 7 años objetivo: alcanzar 5.000 puntos? el gran juego de rummy con cartas. | ||
| 082 | 0 | 4 | |a J795.4 |
| 653 | |a 1.juegos de cartas | ||
| 859 | |a CEMS |b BIB. CEMS - Ludoteca |h J795.4 |i W |p 315.04 |t Ej.1 |v 731 |3 731 | ||
